01171nam a2200313Ia 4500001001200000003000800012006001900020007001500039008004100054010001700095020002800112040002100140035002100161050002300182082001500205100003000220245007700250260005000327300001500377504005400392533015200446650002200598650002600620650002200646655002900668710001700697856012600714999001700840ebr10078530CaPaEBRm u cr cn|||||||||040303s2004 nju sb 000 0 eng d z 2004041975 z9812388397 (alk. paper) aCaPaEBRcCaPaEBR a(OCoLC)22811419214aQA247b.T53 2004eb04a512/.32221 aThakur, Dinesh S.,d1961-10aFunction field arithmetich[electronic resource] /cby Dinesh S. Thakur. aRiver Edge, N.J. :bWorld Scientific,cc2004. axv, 388 p. aIncludes bibliographical references (p. 373-388). aElectronic reproduction.bPalo Alto, Calif. :cebrary,d2009.nAvailable via World Wide Web.nAccess may be limited to ebrary affiliated libraries. 0aAlgebraic fields. 0aArithmetic functions. 0aDrinfeld modules. 7aElectronic books.2local2 aebrary, Inc.40uhttp://site.ebrary.com/lib/rucke/Doc?id=10078530zAn electronic book accessible through the World Wide Web; click to view c54569d54569